000 00654nam a2200205 u 4500
005 20210223133213.0
008 170301s1994 r 000 0 eng d
035 _aUPN01000216441
049 _aF
050 4 _aJL1231
_bA7.2
100 1 _aArellano Gault, David,
_d1964-
_938058
245 1 0 _aCambio en organizaciones públicas en México :
_bdos casos de estudio /
_cDavid Arellano, Enrique Cabrero.
260 _aMéxico :
_bCIDE,
_cc1994.
300 _a29 p. :
_bcuadros
440 0 _aDocumentos de trabajo ;
_v25
650 4 _aADMINISTRACION PUBLICA -
_zMEXICO
_9243
700 1 _aCabrero, Enrique,
_ecoaut.
905 _aLibro
999 _c188541
_d188541